000 00254nam a2200097Ia 4500
008 240331s9999 xx 000 0 und d
082 _bSNA
100 _aFeminast review. ed
245 0 _aSnakes and ladders :
_breviewing feminism at century's end
942 _cL
999 _c1640
_d1640